02673nam a2200385uu 4500001000800000005001700008007001000025008004100035035001200076040001300088041000800101100004400109245009700153260003500250300004100285520125700326650004201583650004501625650005201670650003801722650004601760650004001806650001901846650004401865700004101909700004301950700004501993700004102038700003802079700004602117700004302163856006102206502001202267526000802279157209520241120091204.0cr|||||||220613s2022 spa  a1572095 ccomduadb aspa10aGuerrero Bravo, Edwin Esteban4auteaut14aLos círculos de investigación-acción-reflexión como ruta para la formación inicial aMedellín :bAutor(a),c2022. aArchivo en Repositorio Institucional3 aRESUMEN : Partiendo del cotidiano escolar del currículo en acción, un equipo (tres profesores y cinco practicantes) de la Licenciatura en Educación Física de la Universidad de Antioquia (Colombia), instalados en un seminario de Práctica Pedagógica de fin de carrera (formación del profesorado), establecen una deliberación permanente (sistemática) de talante crítico-reflexivo y colaborativo que se enfoca desde la investigación cualitativa del tipo Investigación-Acción-Reflexión con apoyos de herramientas etnográficas (observación, fotoetnografía), en un estudio que muestra a través del caso Edwin, la manera como en tiempos pandémicos y desde la distancia y la metodología virtual se establece un proceso de problematización y de establecimiento de una solución didáctica en sitio. El estudio deja en evidencia que el aprender a enseñar investigando en círculos IAR, genera habilidades para el trabajo colaborativo donde la observación, el debate, la escucha, el discernimiento crítico y contextualizado llevan a los y las participantes a recontextualizar y desarrollar conocimientos prácticos, principios, teorías para la enseñanza de la Educación Física (de ahora en adelante E.F). aEducación física como profesión 7aProfesores de educación física2lemb aFormación profesional de educadores físicos 0aEducación físicaxCurrículo 7aPandemia de la Covid-19, 2020-20232embne 7aInvestigación participativa2lemb 7aJuventud2lemb 7aEducación físicaxEnseñanza2lemb10aMuñoz Bedoya, Joan Mateo4auteaut10aOsorio Linares, Lida Marcela4auteaut10aRestrepo Álvarez, Luis David4auteaut10aHoyos Henao, Lizet Vanessa4auteaut10aMoreno Gómez, William4thseths10aFranco Betancur, Saúl Antonio4thseths10aRodríguez Ramírez, Neiro4thseths4 uhttps://bibliotecadigital.udea.edu.co/handle/10495/29138 b305c24 a307